000
00284nam a22001337a 4500
008
181102b xxu||||| |||| 00| 0 eng d
020
_a
9781559340373
041
_a
eng
080
_a
101
100
_a
23
101
_a
FIL
245
_a
Moral Philosophy
_c
Moore.B
942
_2
udc
_c
BK
999
_c
51640
_d
51640